1340 1388 1632 1229 1778 1829 1682 1351 1006 1449 1587 1965 1143 1400 1893 1897 1364 1406 1341 1385 1024 1820 1861 1520 1275 1454 1874 1472 1328 1344 1926 1453 1527 1286 1495 1987 1886 1226 1978 1614 1716 1114 1486 1607 1457 1035 1191 1674 1347 1586 1631 1362 1379 1262 1335 1609 1944 1640 1309 1244 1198 1150 1768 1108 1784 1958 1267 1931 1909 1002 1069 1295 1335 1443 1183 1411 1968 1771 1385 1852 1572 1584 1129 1485 1708 1282 1098 1791 1514 1077 1922 1077 1050 1625 1727 1605 1285 1138 1704 BCNSPRNW ULIB Ver.6.0+V

เปลี่ยนเป็นภาษาไทย

Change to English
 แสดงรายละเอียดบรรณานุกรม
  กลับหน้าหลัก

Brief Record : Get Marc (ISO 2709) : E-mail record : QR code < ปิดหน้าต่าง
LEADER : 00000nam 2200000uu 4500
001    13399124886
003     ULIB
008    160425s2557||||th 000 0 tha d
020    ^a9786162795985
060 4  ^aWP140^bจ425ก
100 0  ^aจิตติมา มโนมัย
245 10 ^aการดูแลรักษาสตรีที่มีภาวะเสื่อมของอวัยวะเพศและทางเดินปัสสาวะ =^bManagement of Female Urogenital Atrophy /^cจิตติมา มโนมัย
250    ^aพิมพ์ครั้งที่ 1
260    ^aกรุงเทพฯ :^bโครงการตำรารามาธิบดี คณะแพทยศาสตร์ โรงพยาบาลรามาธิบดี มหาวิทยาลัยมหิดล,^c2557
300    ^a268 หน้า :^bภาพประกอบ ; ตาราง ;^c26.5 ซม.
504    ^aมีบรรณานุกรมและดรรชนี
505 0  ^aบทที่ 1 การเปลี่ยนแปลงของอวัยวะเพศและทางเดินปัสสาวะส่วนล่างในวัยหมดระดู
505 0  ^aบทที่ 2 ปัญหาและผลกระทบที่เกิดจากภาวะเสื่อมของอวัยวะเพศและทางเดินปัสสาวะ
505 0  ^aบทที่ 3 การวินิจฉัยภาวะเสื่อมของอวัยวะเพศและทางเดินปัสสาวะส่วนล่าง
505 0  ^aบทที่ 4 การบำบัดภาวะเสื่อมของอวัยวะเพศและทางเดินปัสสาวะส่วนล่างด้วยฮอร์โมน
505 0  ^aบทที่ 5 การบำบัดภาวะเสื่อมของอวัยวะเพศและทางเดินปัสสาวะส่วนล่างด้วยสารที่ไม่ใช่ ฮอร์โมน
505 0  ^aบทที่ 6 อวัยวะในอุ้งเชิงกรานหย่อน
505 0  ^aบทที่ 7 ภาวะไอจามปัสสาวะเล็ด
505 0  ^aบทที่ 8 ภาวะกระเพาะปัสสาวะไวเกิน
505 0  ^aบทที่ 9 เพศกับวัยหมดระดู
505 0  ^aบทที่ 10 การดูแลสตรีที่มีภาวะเสื่อมของอวัยวะเพศและทางเดินปัสสาวะในเวชปฏิบัติทั่วไป
505 0  ^aบทที่ 11 บทบาทของพยาบาลในการดูแลสตรีที่มีภาวะเสื่อมของอวัยวะเพศและทางเดินปัสสาวะ
650  7 ^aนรีเวชวิทยา
650  7 ^aโรคทางนรีเวชวิทยา
650  7 ^aอวัยวะสืบพันธุ์หญิง
650  7 ^aทางเดินปัสสาวะ
945    ^p550^l0^i23481
945    ^p550^l0^i23482
999    ^aทศพร เกษรทอง
รายการนี้ยังไม่มีแท็ก
คุณยังไม่ได้ล็อกอิน คุณสามารถมีกิจกรรมร่วมกับเว็บไซต์ได้ แต่ต้องล็อกอินก่อน ::
  ล็อกอิน

รายการสื่อสารสนเทศ

ลำดับที่ ประเภท เลขเรียก/บาร์โค้ด สถานที่ สถานะ
1. วิทยาศาสตร์การแพทย์ และสุขภาพ
วิทยาศาสตร์การแพทย์ และสุขภาพ
สถานะ=หนังสือเก่า
WP140 จ425ก ฉ.1 
  Barcode: 23481
ห้องสมุดวิทยาเขตนครสวรรค์
►ส่วนจัดเก็บหนังสือเก่า นว.
บนชั้น
  ขอยืม
2. วิทยาศาสตร์การแพทย์ และสุขภาพ
วิทยาศาสตร์การแพทย์ และสุขภาพ
สถานะ=หนังสือเก่า
WP140 จ425ก ฉ.2 
  Barcode: 23482
ห้องสมุดวิทยาเขตนครสวรรค์
►ส่วนจัดเก็บหนังสือเก่า นว.
บนชั้น
  ขอยืม

รายการใกล้เคียง
    ผู้แต่ง [จิตติมา มโนมัย]

    หัวเรื่อง [นรีเวชวิทยา]
    หัวเรื่อง [โรคทางนรีเวชวิทยา]
    หัวเรื่อง [อวัยวะสืบพันธุ์หญิง]
    หัวเรื่อง [ทางเดินปัสสาวะ]

BibComment


ยังไม่เคยถูกคอมเมนท์

คอมเมนท์ทรัพยากรรายการนี้
  คอมเมนท์: การดูแลรักษาสตรี..


 Copyright 2026. Bcnsprnw @Library